Statistics for Cambodia Country Quiz

Click here to take the quiz!

General Stats

  • This quiz has been taken 4,080 times
    (4,068 since last reset)
  • The average score is 14 of 17

Answer Stats

Question Answer % Correct
Which three countries border Cambodia?Vietnam
99%
Which three countries border Cambodia?Laos
99%
Which three countries border Cambodia?Thailand
98%
What religion is practiced by 97% of the Cambodian population?Buddhism
91%
What country controlled Cambodia from 1867 until 1953?France
88%
What is the capital of Cambodia?Phnom Penh
87%
What country invaded Cambodia in 1970?United States
86%
Whose "Great Leap Forward" was that dictator trying to emulate?Mao Zedong
85%
What is the official language of Cambodia?
(also known as Cambodian - but give us the more common name)
Khmer
85%
What ancient temple complex is depicted on the flag of Cambodia?Angkor Wat
83%
What notorious dictator has been blamed for killing about 20% of Cambodia's
population in the late 1970s?
Pol Pot
83%
What things in the ground have killed an estimated 60,000 people since 1970?Land Mines
82%
On what peninsula is Cambodia located?Indochina
79%
What major river flows through that city?Mekong River
76%
What does that language have 74 of - more than any other language?Letters
74%
What's another name for Cambodia?
(hint: starts with K)
Kampuchea
48%
In what city, initials SR, is that temple complex located?Siem Reap
41%

Score Distribution

Percentile by Number Answered

Percent of People with Each Score

Your Score History

You have not taken this quiz since the last reset